000 02101nam a2200397 i 4500
001 153441
003 ES-MaACL
005 20250818063103.0
008 021031m17711775fr a |r |||| 0 fre
040 _aCCPB | B
_bspa
_cES-MaACL
080 _a749.1
080 _a674
080 _a694
100 1 _aRoubo, André Jacob,
_d1739-1791
_eaut
_9153968
245 1 2 _aL'art du menuisier /
_cpar M. Roubo le Fils
260 _aA Paris :
_bchez Desaint & Saillant,
_c1771-1775
_f(Imp. de L.F. Delatour)
300 _a4 volúmenes ([7], 453-458 ; [3], 600-762 ; [8], 763-1036 ; [3], 1038-1312 ; IV p., 171-382 hojas de láminas plegadas) ;
_c44 cm
490 1 _aDescriptions des arts et métiers
505 0 _aVol. I. Art du menuisier-carrossier, 1771 - v. II. L'art du menusier en meubles, 1772 - v. III. L'art du menusier ébeniste, 1774 - v. IV. L'art du treillageur ou menuiserie des jardins, 1775
530 _aDisponible en formato digital
596 _aMarca tip. en port.
596 _aFecha de publicación de cada parte tomada de las portadillas
597 _aSign.: [ ]8, 5Z-15H2, *2.
599 _aHojas de láminas: grabados calcográficos
650 7 _aEbanistería
_2embne
_9153969
650 7 _aCarpintería
_2embne
_910790
830 0 _aDescriptions des arts et métiers
_9241750
852 4 _aES-MaACL
_cDEPO
_dOlim: C-10827-70
_jR-38-43
_xEnc. en 6 v.
_xHolandesa
_x
856 4 _uhttp://gallica.bnf.fr/ark:/12148/bpt6k62781043/f8.image
_yVersión en línea: v. I
_z(Gallica. Bibliothèque nationale de France)
856 4 _uhttp://gallica.bnf.fr/ark:/12148/bpt6k10672080?rk=64378;0
_yVersión en línea: v. II
_z(Gallica. Bibliothèque nationale de France)
_2
856 4 _uhttp://gallica.bnf.fr/ark:/12148/bpt6k10672102?rk=21459;2
_yVersión en línea: v. III
_z(Gallica. Bibliothèque nationale de France)
856 4 _uhttp://gallica.bnf.fr/ark:/12148/bpt6k1067212w?rk=107296;4
_yVersión en línea: v. IV
_z(Gallica. Bibliothèque nationale de France)
942 _cMONANT
_n0
999 _c153441
_d153441